00466nam a2200169Ia 450000500170000000800410001702000140005804000190007204100120009108200190010310000200012224500570014226000250019930000120022450400500023685000100028620230428141048.0131103s9999 xx 000 0 und d a500150125 aLoreto College aEnglish a823.8bDIC-HOB aHobsbaum,Philip 2aA reader's guide to Charles DickenscPhilip Hobsbaum aLondonbThamesc1977 a318 p.  aIncludes bibliographical references and index aLCLIB